Daň z nehnuteľností ako prvok ovplyvňujúci výšku obecných príjmov bakalárska práca

Salvato in:
Dettagli Bibliografici
Autore principale: Pivarčiová, Gabriela
Ente Autore: Národohospodárska fakulta EU. Katedra financií
Altri autori: Kleštincová, Soňa, 1995-
Natura: Libro
Lingua:slovacco
Pubblicazione: Bratislava 2021
Tags: Aggiungi Tag
Nessun Tag, puoi essere il primo ad aggiungerne!!

MARC

LEADER 00000nbm a2200000 4500
001 0275206
005 20211210125038.2
041 0 |a slo 
044 |a SK 
245 1 0 |a Daň z nehnuteľností ako prvok ovplyvňujúci výšku obecných príjmov  |b bakalárska práca  |c Gabriela Pivarčiová ; školiteľ: Soňa Kleštincová 
264 1 |a Bratislava  |c 2021 
300 |a 78 s. 
100 1 |a Pivarčiová, Gabriela 
700 1 |a Kleštincová, Soňa, 1995- 
710 2 |a Národohospodárska fakulta EU. Katedra financií